ARRUPE JESUIT UNIVERSITY

CORONAVIRUS -STOP THE SPREAD - CLEAN,DISINFECT,COVER

Revelation (Record no. 121322)

MARC details
000 -LEADER
fixed length control field 00368nam a22001337a 4500
005 - DATE AND TIME OF LATEST TRANSACTION
control field 20141126131300.0
008 - FIXED-LENGTH DATA ELEMENTS--GENERAL INFORMATION
fixed length control field 141126b xxu||||| |||| 00| 0 eng d
050 ## - LIBRARY OF CONGRESS CALL NUMBER
Classification number BS2825.3
Item number M277 2010
100 ## - MAIN ENTRY--PERSONAL NAME
Personal name Mangina, Joseph L.
9 (RLIN) 12874
245 ## - TITLE STATEMENT
Title Revelation
Statement of responsibility, etc Mangina, Joseph L.
260 ## - PUBLICATION, DISTRIBUTION, ETC. (IMPRINT)
Place of publication, distribution, etc London
Name of publisher, distributor, etc SCM Press
Date of publication, distribution, etc 2010
300 ## - PHYSICAL DESCRIPTION
Extent 271p.;
Dimensions 24cm.
942 ## - ADDED ENTRY ELEMENTS (KOHA)
Source of classification or shelving scheme Library of Congress Classification
Item type Monograph ( Printed materials)
Holdings
Withdrawn status Lost status Source of classification or shelving scheme Damaged status Not for loan Collection code Home library Current library Shelving location Date acquired Total Checkouts Full call number Barcode Date last seen Date last borrowed Price effective from Koha item type
    Library of Congress Classification     Main Collection ARRUPE LIBRARY ARRUPE LIBRARY Main Collection 26/11/2014 1 BS2825.3 M277 2010 46500001176 11/01/2017 24/03/2016 26/11/2014 Monograph ( Printed materials)

 

Arrupe Library. PO Box MP320 Mt Pleasant, Harare, Zimbabwe
263 242 745411|librarian@aju.ac.zw